| 000 | 01071nam a2200289 i 4500 | ||
|---|---|---|---|
| 001 | 86256 | ||
| 003 | ES-MaACL | ||
| 005 | 20251112164244.0 | ||
| 007 | t| | ||
| 008 | 041220s2004 sp ||||1| spa d | ||
| 020 | _a84-7914-726-1 | ||
| 080 | _a(031)"06" | ||
| 100 | 0 |
_aIsidoro de Sevilla, _cSanto. _9176281 |
|
| 245 | 1 | 0 |
_aEtimologías / _cSan Isidoro de Sevilla ; texto latino, versión española y notas por José Oroz Reta y Manuel-A. Marcos Casquero ; introducción general por Manuel C. Díaz y Díaz. |
| 250 | _aEdición bilingüe. | ||
| 260 |
_aMadrid : _bB.A.C., _c[2004] |
||
| 300 |
_aVIII, 1465 p. ; _c19 cm. |
||
| 490 | 1 |
_aBiblioteca de autores cristianos ; _v647 |
|
| 500 | _aTexto latino y traducción en español. | ||
| 650 | 4 |
_aEnciclopedias- _yS.VII. _912237 |
|
| 700 | 1 |
_aOroz Reta, José. _987324 |
|
| 700 | 1 |
_aMarcos Casquero, Manuel Antonio. _976523 |
|
| 700 | 1 |
_aDíaz y Díaz, Manuel C., _d1924-2008 _944462 |
|
| 830 | 0 | 0 |
_aBiblioteca de autores cristianos _v647 _9178679 |
| 852 |
_aES-MaACL _jJ-634 _bR.134850 |
||
| 999 |
_c86256 _d86256 |
||